20 Random Tour de France Winners - Statistics

General Stats
  • This quiz has been taken 209 times
  • The average score is 10 of 20
Answer Stats
Year Winner % Correct
2009 Alberto Contador
100%
1985 Bernard Hinault
100%
2012 Bradley Wiggins
100%
2015 Chris Froome
100%
2016 Chris Froome
100%
2017 Chris Froome
100%
1972 Eddy Merckx
100%
1957 Jacques Anquetil
100%
1993 Miguel Indurain
100%
2010 Andy Schleck
91%
2014 Vincenzo Nibali
91%
2006 Oscar Pereiro
89%
2007 Alberto Contador
88%
1970 Eddy Merckx
88%
1974 Eddy Merckx
88%
2018 Geraint Thomas
88%
1997 Jans Ullrich
88%
1983 Laurent Fignon
88%
1971 Eddy Merckx
86%
1996 Bjarne Riis
83%
1989 Greg LeMond
83%
2008 Carlos Sastre
82%
1982 Bernard Hinault
80%
2011 Cadel Evans
80%
1962 Jacques Anquetil
80%
1953 Louison Bobet
80%
1992 Miguel Indurain
80%
1920 Phillippe Thys
80%
1991 Miguel Indurain
78%
1980 Bernard Hinault
77%
1986 Greg LeMond
77%
1958 Charly Gaul
75%
1968 Jan Janssen
75%
1995 Miguel Indurain
75%
1936 Sylvere Maes
75%
2019 Egan Bernal
71%
1955 Louison Bobet
71%
1973 Luis Ocana
71%
1929 Maurice De Waele
71%
1963 Jacques Anquetil
70%
1930 Andre Leducq
67%
1981 Bernard Hinault
67%
1949 Fausto Coppi
67%
1965 Felice Gimondi
67%
1994 Miguel Indurain
67%
1912 Odile Defraye
67%
1948 Gino Bartali
64%
1961 Jacques Anquetil
64%
2013 Chris Froome
60%
1969 Eddy Merckx
60%
1990 Greg LeMond
60%
1906 Rene Pottier
60%
1987 Stephen Roche
60%
1960 Gastone Nencini
57%
1967 Roger Pingeon
57%
2005 Stripped
57%
1998 Marco Pantani
56%
1978 Bernard Hinault
50%
1977 Bernard Thevenet
50%
1938 Gino Bartali
50%
1976 Lucien Van Impe
50%
1966 Lucien Aimar
45%
1931 Antonin Magne
44%
1922 Firmin Lambot
44%
1911 Gustave Garrigou
44%
1964 Jacques Anquetil
44%
1975 Bernard Thevenet
43%
1952 Fausto Coppi
43%
1924 Ottavio Bottecchia
43%
1988 Pedro Delgado
43%
1908 Lucien Petit-Breton
42%
1984 Bernard Hinault
40%
1959 Federico Bahamontes
40%
1907 Lucien Petit-Breton
40%
1927 Nicolas Frantz
40%
1910 Octave Lapize
40%
1925 Ottavio Bottecchia
40%
1947 Jean Robic
38%
1913 Phillippe Thys
38%
1939 Sylvere Maes
38%
1921 Leon Scieur
33%
1954 Louison Bobet
33%
1905 Louis Trousselier
33%
1928 Nicolas Frantz
33%
1914 Phillippe Thys
33%
1950 Ferdinand Kubler
30%
1909 Francois Faber
30%
1979 Joop Zoetemelk
30%
1937 Roger Lapebie
30%
2004 Stripped
30%
1934 Antonin Magne
29%
1923 Henri Pelissier
29%
2001 Stripped
29%
1932 Andre Leducq
25%
2002 Stripped
23%
1904 Henri Cornet
20%
1933 Georges Speicher
18%
1951 Hugo Koblet
17%
1919 Firmin Lambot
14%
2003 Stripped
14%
2000 Stripped
13%
1926 Lucien Buyesse
8%
1903 Maurice Garin
0%
1956 Roger Walkowiak
0%
1935 Romain Maes
0%
1999 Stripped
0%
No matching quizzes found
Score Distribution
Percent of People with Each Score
Percentile by Number Answered
Your Score History
You have not taken this quiz